00588 2200181 4500001002100000005001500021035002000036245014100056100002000197250002000217300004200237856003700279260003600316082000800352084001400360020002200374600001000396INLIS00000000114850720260603085712 a0010-06260000401 aPersatuan Umat :bdan Saling Memahami Perbedaan /cPenulis ; Prof. DR. H. Ahmad M. Sewang, M.A, Editor ; Prof. Dr. Hj. Syamsudhuha Saleh0 aAhmad M. Sewang aCetakan Pertama ax + 120 Halaman :b- ;c14 x 21 cme- aDInas Perpustakaan Kota Makassar aMakassar :bBerkah Utami,c2020 a297 a297 AHM p a978-623-92105-9-5 4aAgama